EA FC26 All Gold Netherlands Players - Statistics

General Stats
  • This quiz has been taken 78 times
  • The average score is 36 of 79
Answer Stats
Rate Club Answer % Correct
90 Liverpool Virgil van Dijk
100%
82 Spurs Micky van de Ven
98%
87 Barcelona Frenkie de Jong
95%
78 FC Porto Luuk de Jong
93%
82 Man United Matthijs de Ligt
92%
83 Man City Nathan Ake
92%
84 Liverpool Cody Gakpo
90%
85 Liverpool Ryan Gravenberch
89%
84 Inter Denzel Dumfries
87%
86 Man City Tijjani Reijnders
87%
84 Spurs Xavi Simons
85%
83 Liverpool Jeremie Frimpong
82%
82 Arsenal Jurrien Timber
82%
80 Feyenoord Quinten Timber
82%
84 Inter Stefan de Vrij
80%
82 Newcastle Sven Botman
79%
79 Bournemouth Justin Kluivert
72%
81 Atalanta Marten de Roon
72%
81 Juventus Teun Koopmeiners
70%
77 Brentford Sepp van den Berg
66%
78 Brighton Bart Verbruggen
64%
79 Aston Villa Donyell Malen
61%
80 Brighton Jan Paul van Hecke
61%
80 Al Ittihad Steven Bergwijn
61%
79 Aston Villa Ian Maatsen
59%
80 Napoli Noa Lang
59%
77 Sunderland Brian Brobbey
52%
78 Chelsea Jorrel Hato
52%
78 Brighton Joel Veltman
49%
78 Ajax Steven Berghuis
48%
78 Ajax Wout Weghorst
48%
78 Ettifaq Georginio Wijnaldum
46%
80 PSV Jerdy Schouten
46%
79 PSV Joey Veerman
44%
78 Brighton Mats Wieffer
44%
77 Girona Daley Blind
43%
76 Girona Donny van de Beek
43%
77 Man United Joshua Zirkzee
43%
78 Strasbourg Emanuel Emegha
41%
79 NEC Jasper Cillessen
41%
75 Man United Tyrell Malacia
41%
78 Sunderland Lutsharel Geertruida
39%
78 Leverkusen Mark Flekken
39%
78 Napoli Sam Beukema
39%
77 Burnley Quilindschy Hartman
36%
78 Aston Villa Marco Bizot
33%
76 West Ham Crysencio Summerville
31%
78 Ajax Kenneth Taylor
31%
78 Union Berlin Danilho Doekhi
30%
77 Ajax Davy Klaassen
30%
77 Fulham Kenny Tete
30%
76 Monaco Jordan Teze
28%
77 PSV Guus Til
25%
75 Feyenoord Justin Bijlow
25%
75 Ajax Remko Pasveer
25%
78 Feyenoord Sem Steijn
25%
77 Sheffield Utd Gustavo Hamer
23%
79 AZ Jordy Clasie
23%
77 Torino Perr Schuurs
23%
77 Royal Antwerp Vincent Janssen
23%
75 Leeds Joel Piroe
21%
75 Atalanta Mitchell Bakker
21%
76 Pisa Calvin Stengs
20%
76 Stade Rennais Hans Hateboer
20%
77 Augsburg Jeffrey Gouweleeuw
20%
77 PSV Nick Olij
20%
76 Fenerbahce Jayden Oosterwolde
18%
76 Sporting Jerry St. Juste
18%
76 Leeds Pascal Struijk
18%
75 Ajax Youri Baas
18%
75 Valencia Arnaut Danjuma
16%
76 Bologna Thijs Dallinga
16%
77 AZ Wouter Goes
16%
75 Feyenoord Givairo Read
15%
77 PSV Ryan Flamingo
15%
75 AZ Sven Mijnans
13%
76 Ipswich Town Azor Matusiwa
10%
75 Utrecht Mike van der Hoorn
10%
78 Al Taawoun Aschraf El Mahdioui
7%
No matching quizzes found
Score Distribution
Percent of People with Each Score
Percentile by Number Answered
Your Score History
You have not taken this quiz